| 000 | 01207naa a22003017a 4500 | ||
|---|---|---|---|
| 001 | BR9404180 | ||
| 003 | BR-BrBNA | ||
| 005 | 20240918181226.0 | ||
| 007 | ta | ||
| 008 | 230509b bl.||||| |||| 00| 0 por d | ||
| 040 |
_aBR-BrBNA _bpor _cBiblioteca Nacional de Agricultura |
||
| 041 | _a(Pt) | ||
| 072 |
_aH10 _b3140 _b4020 |
||
| 090 | _aH10 BR9404180 | ||
| 100 | 1 | _aCarvalho, A.G. de | |
| 100 | 1 | _aMacedo, J.H.P. | |
| 100 | 1 | _aSantos, H.R. dos | |
| 111 | 1 |
_aConferencia Regional da Vespa da Madeira, Sirex noctilio, na America do Sul _c23-27 Nov 1992 _dFlorianopolis, SC (Brazil) |
|
| 245 | 1 | _aBioecologia de Sirex noctilio Fabricius, 1793 (Hymenoptera: Siricidae)em povoamentos de Pinus taeda L. | |
| 260 | 3 |
_aColombo, PR (Brasil): _c1993. |
|
| 500 | _aAnais da Conferencia Regional da Vespa da Madeira, Sirex noctilio, na America do Sul Colombo, PR (Brasil): 1993. p. 85-96 (BR9404180-AM)H10 | ||
| 650 | _aPinheiro | ||
| 650 | _aVespa-da-Madeira | ||
| 650 | _aBiologia | ||
| 773 | 0 |
_tAnais da Conferencia Regional da Vespa da Madeira, Sirex noctilio, na America do Sul _wH10 BR9404180 _gColombo, PR (Brasil), 1993. p. 85-96 |
|
| 909 |
_a202404 _bLucia _c55 _dLucia Elande |
||
| 942 |
_cAM _2AGRIS |
||
| 999 |
_c324210 _d324210 |
||